| 000 | 00333nam a22001337a 4500 | ||
|---|---|---|---|
| 008 | 170428b xxu||||| |||| 00| 0 eng d | ||
| 020 | _a9789041104700 | ||
| 041 | _aeng | ||
| 080 | _a341 | ||
| 100 | _a13 | ||
| 101 | _aSHJ | ||
| 245 |
_aINCREASING THE EFFECTIVENESS OF THE INTERNATIONAL COURT JUSTICE _cLEE.R |
||
| 942 |
_2udc _cBK |
||
| 999 |
_c12300 _d12300 |
||